| 000 | 00529nam a22001817a 4500 | ||
|---|---|---|---|
| 005 | 20220523114742.0 | ||
| 008 | 220523b ||||| |||| 00| 0 eng d | ||
| 040 | _cAL | ||
| 041 | _aEnglish | ||
| 082 |
_223 _a385.0954 _bAITD |
||
| 100 |
_aAsian Institute of Transport Development _938496 |
||
| 245 | _aGreying of Indian Railways | ||
| 260 |
_aNew Delhi _bAsian Institute of Transport Development _c1998 |
||
| 300 |
_avi,59 p. _bPB _c22x15 cm. |
||
| 650 |
_aIndian Railways _938497 |
||
| 700 |
_aAITD _938498 |
||
| 942 |
_2ddc _cGF |
||
| 999 |
_c223065 _d223065 |
||